000 02662nam0a2200361 i 4500
001 RU\NLR\BIBL_A\010522466
005 20240921121937.0
010 _a9785790416132
_9300
021 _aRU
_b2014-63402
_93862
035 _a(NILC)RuMoRGB-007544141
035 _a(NLR Aleph) 010522466
090 _a10219611
_c10219611
100 _a20141031d2014 km y0rusy50 ca
101 0 _arus
102 _aRU
105 _aac||z|||001yy
200 1 _aНовые достижения в химии и химической технологии растительного сырья
_eматериалы VI всероссийской конференции с международным участием
_f[под ред. Н. Г. Базарновой, В. И. Маркина]
210 _aБарнаул
_cИзд-во Алтайского государственного университета
_d2014
215 _a441 с., [1] л. цв. портр.
_cил.
_d29
300 _aВ надзаг.: М-во образования и науки РФ, Рос. технол. платформа "Биоиндустрия и Биоресурсы-БиоТех2030", Рос. хим. о-во им. Д. И. Менделеева, Упр. Алт. края по пищевой, перерабатывающей , фармацевтической промышленности и биотехнологиям, Алтайский гос. ун-т, Ин-т проблем химико-энергетических технологий СО РАН, Сибирский гос. технологический ун-т
313 _aIV конф. 2009 г.
320 _aБиблиогр. в конце ст.
320 _aАвт. указ.: с. 437-441
606 1 _aРастительное сырье
_jСъезды, совещания и т.п
_xХимическая переработка
_91620696
_3RU\NLR\AUTH\661013285
606 1 _aРастительное сырье
_jСъезды, совещания и т.п
_xХимия
_92155595
_3RU\NLR\AUTH\661297735
686 1 _aЛ10-332я431(2)
702 1 _aБазарнова
_bН. Г.
_gНаталья Григорьевна
_4340
711 1 2 _a"Новые достижения в химии и химической технологии растительного сырья", всероссийская конференция с международным участием
_d6
_eБарнаул
_f2014
_9430958
_3RU\NLR\AUTH\880382350
801 0 _aRU
_bРГБ
_c20140829
_gRCR
942 _cBOOK
980 _aNBR